000 00870cam a2200301 a 4500
001 1748
005 20250120092927.0
020 _a0060278625
020 _a0060278633 (lib. bdg.)
040 _aDLC
_cDLC
_dDLC
_beng
050 0 0 _aPZ7.R5628
_bBf 2004
082 0 0 _a[Fic]
_222
100 1 _aRobinson, Barbara,
_d1927-2013.
245 1 4 _aThe best Halloween ever /
_cBarbara Robinson.
250 _a1st ed.
260 _a[New York :
_bJoanna Cotler Books,
_c2004.
300 _a117 pages ;
_c21 cm
505 _aQ
520 _aThe six horrible Herdman children create mayhem during Halloween.
521 0 _a890
_bLexile
521 0 _aQ
_bRaz-Plus
650 1 _aHalloween
_vFiction.
650 1 _aSiblings
_vFiction.
650 1 _aSchools
_vFiction.
650 1 _aHumorous stories.
906 _a7
_bcbc
_corignew
_d1
_eocip
_f20
_gy-gencatlg
942 _2ddc
_cBK
_n0
999 _c1748
_d1748